• 首页
  • 本馆介绍
  • 公告通知
  • 最新文献
  • 馆藏检索
  • 电子资源
  • 读者导购
  • 参考咨询
  • 我的图书馆
  • 登录
  • 详细信息显示
  • 放入我的书架
  • 预约/预借图书
  • 作者相关作品
  • 分类相关作品
  • 丛书相关作品
  • 出版社相关作品

书目信息

  • 表格格式
  • 工作单格式
  • 卡片格式
书名: Principles of course design for language teaching =
作者: Janice Yalden 著 ; 吴一安,魏峥导读。.
分册号:
分册名:
出版地: 北京 :
 
出版社: 外语教学与研究出版社
出版时间: 2000.
页数: F29, 212 p. :
开本: 25 cm.
丛书名: 当代国外语言学与应用语言学文库
中图分类号:
科图分类号:
其他分类号: H09
主题词:
电子资源:
000 01949pam a2200733 a 4500
001 E0739072212
003 CAL
005 20070819105234.79
008 001206r20001987cc a b 00110 eng
020    @a7560019714 :@cCNY19.90.
040    @aNUL@cNUL
050 00 @aP53.295@b.Y35 1987
082 00 @a418/.007@219
090    @aH09
093    @aH09@23
099    @dH09@ex45
100 1  @aYalden, Janice.
245 10 @aPrinciples of course design for language teaching = :@b语言教学课程设计原理 / @cJanice Yalden 著 ; 吴一安,魏峥导读。.
260    @a北京 :@b外语教学与研究出版社 :@b剑桥大学出版社,@c2000.
300    @aF29, 212 p. :@bill. ;@c25 cm.
440  0 @a当代国外语言学与应用语言学文库
500    @aReprint. Originally published: Cambridge [England] : Cambridge University Press, c1998.
504    @aIncludes bibliographical references and index.
650  0 @aCurriculum planning
650  0 @aLanguage and languages@xStudy and teaching
920    @a232010@z1
920    @a211010@z4
920    @a244050@z1
920    @a231010@z1
920    @a243160@z1
920    @a244020@z2
920    @a242120@z2
920    @a212010@z2
920    @a242020@z1
920    @a211030@z2
920    @a237010@z1
920    @a231280@z2
920    @a211050@z2
920    @a211060@z2
920    @a237385@z2
920    @a211260@z1
920    @a215010@z1
920    @a211162@z1
920    @a246060@z0
920    @a251430@z2
920    @a246010@z1
920    @a222220@z1
920    @a221010@z2
920    @a244010@z1
920    @a211180@z2
920    @a236010@z1
920    @a241061@z1
920    @a211340@z1
920    @a222020@z2
920    @a211270@z2
920    @a223140@z1
920    @a242250@z2
920    @a246040@z1
920    @a237020@z1
920    @a242030@z2
920    @a242010@z1
920    @a231220@z2
920    @a214010@z2
998    @aPUL
    
    Principles of course design for language teaching = : : 语言教学课程设计原理 / / Janice Yalden 著 ; 吴一安,魏峥导读。.-北京 : : 外语教学与研究出版社 : : 剑桥大学出版社, , 2000.
    F29, 212 p. : : ill. ; ; 25 cm.- (当代国外语言学与应用语言学文库)
    Reprint. Originally published: Cambridge [England] : Cambridge University Press, c1998.-Includes bibliographical references and index.
    
    ISBN 7560019714 :CNY19.90.
    
●
相关链接 在E读中查询图书 在五车中查询图书 在当当中查询图书 在豆瓣中查询图书


正题名:Principles of course design for language teaching =     索取号:H09/x45         预约/预借

序号 登录号 条形码 馆藏地/架位号 状态 备注
1 0016993   300169939   第二样本阅览室/ [索取号:H09/x45] 在馆    
2 0016994   300169948   第四借阅区/ [索取号:H09/x45] 在馆    
3 0016995   300169957   第四借阅区/ [索取号:H09/x45] 在馆    
4 0016996   300169966   第四借阅区/ [索取号:H09/x45] 在馆    
5 0016997   300169975   第四借阅区/ [索取号:H09/x45] 在馆    
唐山师范学院图书馆 欢迎您!
大连网信软件有限公司© 版权所有